000 01176nam a2200325 a 4500
001 9025
003 BD-RjUL
005 20211208234712.0
008 140120t1962 enka b 001 0 eng d
035 _a(BD-RjUL) 9070
040 _aBD-RjUL
_beng
_cBD-RjUL
_dBD-RjUL
041 1 _aengrus
082 0 0 _a530.141
_223
_bLAC 1962
100 1 _aLandau, L. D.
_q(Lev Davidovich),
_d1908-1968.
_925851
245 1 4 _aThe classical theory of fields /
_cL. D. Landau and E. M. Lifshitz ; translated from the Russian by Morton Hamermesh
250 _a2nd rev. English ed.
260 _aOxford :
_bPergamon,
_cc1962.
300 _aix, 404 p. :
_bill. ;
_c27 cm.
490 1 _aCourse of theoritical Physics.
500 _aTranslated from the 6th rev. ed. of Teoriia polia
504 _aIncludes bibliographical references and index
505 _aVol. 2-- Course of theoretical physics
650 0 _aElectromagnetic fields
_927745
650 0 _aField theory (Physics)
_921444
700 1 _aLifshit͡s, E. M.
_q(Evgeniĭ Mikhaĭlovich)
_928017
700 1 _aHamermesh, M.
_q(Morton),
_d1915-2003
_928018
942 _2ddc
_cBK
999 _c9025
_d9025